000 01014cam a22003017a 4500
003 CHAP
005 20220329135527.0
008 971013s1968 r 00010 d
010 _a38073
011 _a39045
035 _a43165
040 _cCHAP
090 _aTesis
100 0 0 _aMiranda Bonilla, Roberto.
_976058
245 1 3 _aLa vivienda en condominio para el área metropolitana de Monterrey
_b: análisis socio-económico e investigación del mercado
260 _aMonterrey, N.L. :
_bEl autor,
_c1968
300 _a93 h
502 _aTesis (Lic. en Economía) -- Universidad de Nuevo León. Fac. de Economía
590 _aALEPH
_b10
_c20130110
_lUCH01
_h1303
590 _aBATCH-UPD
_b10
_c20130110
_lUCH01
_h2250
590 _aBATCH-UPD
_b10
_c20130410
_lUCH01
_h1543
590 _aBATCH-UPD
_b10
_c20130914
_lUCH01
_h2020
590 _aCONVERSION
_b10
_c20130109
_lUCH01
_h1321
650 1 4 _aVivienda
_xNuevo León.
_9120140
901 _aBK
942 _cTESIS
949 _bBC
_cTES
_d-99100
_eTS1
_i43165
_si
999 _c38073
_d38073